Super Sentai Trivia - Statistics

General Stats
  • This quiz has been taken 75 times
  • The average score is 9 of 15
Answer Stats
Hint Answer % Correct
The 16th series and first to have a (permanent) sixth Ranger Kyōryū Sentai Zyuranger
88%
The American media franchise that is based on Super Sentai Power Rangers
88%
The very first Super Sentai series Himitsu Sentai Gorenger
78%
Aside from Red, this is the only other Ranger color to appear in every Super Sentai series Blue
73%
The Sentai show with the largest team, consisting of 12 members Uchu Sentai Kyuranger
73%
Super Sentai's sister franchise, which has aired side-by-side with it since 2003 Kamen Rider
71%
The shortest Sentai series at 35 episodes J.A.K.Q. Dengekitai
65%
The official self-referential parody series released in 2012 Unofficial Sentai Akibaranger
65%
The first Sentai show to have two female Rangers Choudenshi Bioman
53%
Comic book bigwig who helped finance Super Sentai and tried to bring it over to the U.S. Stan Lee
49%
First Sentai show of the Reiwa era Mashin Sentai Kiramager
47%
Battle Fever J was originally planned to be an adaptation of this Marvel superhero Captain America
45%
The only Sentai show to serve as a direct sequel to the previous entry Taiyo Sentai Sun Vulcan
43%
The creator of Super Sentai Shotaro Ishinomori
31%
Recurring Sentai actress (whom even Americans may recognize) who played Witch Bandora and Queen Hedrian, among other roles Machiko Soga
18%
No matching quizzes found
Score Distribution
Percent of People with Each Score
Percentile by Number Answered
Your Score History
You have not taken this quiz